01010nam a2200205Ia 4500003000900000008004100009040001600050080002300066100002600089111017300115245033100288260004800619300001400667650004100681650002200722650001700744650001000761700002000771700001300791IN-BaIIA211028s9999 xx 000 0 eng d cIIA Library a524.47(082.2)bTHE aDe Strobel, G. Cayrel aJoint Commission Meeting No. 5 and Commission Meeting 37/3 on the Abundence Spread within Globular Clusters, Spectroscopy of Individual Starsn5thcBaltimore, USAd1988 4aThe abundence spread within globular clustersbproceedings of the joint commission meeting no. 5 and commission meeting 37/3 on the abundence spread within globular clusters, spectroscopy of individual stars, held in Baltimore, USA, 1988cG. De Strobel, M. Cayrel Spite and T. Lloyd Evans  aUSAbInternational Astronomical Unionc1988 avi, 106p. aAstronomy and astrophysics thesaurus aGlobular clusters aSpectroscopy aStars aEvans, T Lloyd  aSpite, M